000 00582nam a2200205 a 4500
001 10430
003 CO-ViMGA
008 141112s2004 ck r 000 u spa d
020 _a958614285
040 _aCO-ViMGA
_bspa
_cCO-ViMGA
082 0 4 _a813.5 R34p
100 1 _aRegan ; Donald T.,
_913930
245 1 0 _aPara que conste de Wall Street a la Casa Blanca
260 _aBarcelona :
_bPlaneta,
_c1988
300 _a392p.
650 1 4 _aESTADOS UNIDOS - PolĂ­tica Y GOBIERNO
_913931
650 1 4 _aNOVELA
_949122
650 1 4 _aNOVELA ESTAUNIDENSE SIGLO XX
_913932
942 _2ddc
_cBK
999 _c21772
_d21772